000 00314nam a22001097a 4500
008 170111b xxu||||| |||| 00| 0 eng d
020 _a9780132208734
041 _aeng
080 _28TH
_a618.2
245 _aMATERNAL-NEWBORN NURSING & WOMEN'S HEALTH ACROSS THE LIFESPAN
_cDAVIDSON & LONDON & LADEWIG
942 _2udc
_cBK
999 _c2728
_d2728